000
00248nam a2200097Ia 4500
001
687397
005
20250826161555.0
008
250824s9999 xx 000 0 und d
245
0
_a
KOLAYSA AĞLAMA
_c
SUZAN GERİDÖNMEZ
260
_b
GÜNIŞIĞI YAYINLARI
999
_c
687397
_d
687397